| 000 | 02001nam a2200253Ia 4500 | ||
|---|---|---|---|
| 003 | Ost | ||
| 005 | 20260507075418.0 | ||
| 008 | 260507s9999||||xx |||||||||||||| ||und|| | ||
| 020 | _a3405699579 | ||
| 040 | _cfsecg | ||
| 041 | _aara | ||
| 082 | _a330 | ||
| 100 |
_aالمشهداني، خالد أحمد _eمؤلف |
||
| 245 | 0 |
_aالتمويل الدولي / _c خالد أحمد المشهداني |
|
| 260 |
_aعمان: _bدار الأيام للنشر والتوزيع, _c2012 |
||
| 300 |
_a380 صفحة؛ _bإيضاحات ؛ _c25 سم |
||
| 504 | _aالمراجع ص.375 | ||
| 520 | _aيضم ماهية التمويل الدولي وآفاق تطوره، تأثير التمويل الدولي على التنمية الاقتصادية وماهية ميزان المدفوعات وهيكله، الأسواق المالية الدولية والإقليمية ، اختلال ميزان المدفوعات وتصحيحه، إدارة الخطر السياسي، سعر الصرف، الاستثمار والمصارف، أثر السياسة النقدية والمالية في التنمية الاقتصادية، الإستثمار الأجنبي المباشر والتمويل الدولي، واقع الاستثمار الاجنبي في العراق بعد عام 2003 ، المخاطر والعوائد، البيئة المالية، الاسواق الدولية World Markets، الاعمال الدولية والاسواق العالمية، التخطيط المالي ومصادر التمويل، المحفظة الاستثمارية ومخاطر تكونيها، إدارة الجودة الاستثمارية ، أثر أزمات النظام الراسمالي على التنمية الاقتصادية في الدول النامية. | ||
| 653 | _aالإستثمار الأجنبي | ||
| 653 | _aالتمويل الدولي | ||
| 653 | _aالتنمية الإقتصادية | ||
| 653 | _aالمؤسسات المالية الدولية | ||
| 942 | _cكتاب | ||
| 999 |
_c44453 _d44453 |
||